Microsoft excel and access for beginners/ (Record no. 193431)

MARC details
000 -LEADER
fixed length control field 00646nam a22001937a 4500
005 - DATE AND TIME OF LATEST TRANSACTION
control field 20230920165403.0
010 ## - LCCN (DPL NO)
LC control number ENG-135578
020 ## - INTERNATIONAL STANDARD BOOK NUMBER
Terms of availability 200.00
International Standard Book Number 9789381899632
035 ## - SYSTEM CONTROL NUMBER
System control number EN-119110
037 ## - SOURCE OF ACQUISITION
Source of stock number/acquisition DBAD/PUB
082 ## - DEWEY DECIMAL CLASSIFICATION NUMBER
Classification number 004.5
100 ## - MAIN ENTRY--PERSONAL NAME
Personal name Varalakshmi, R.
245 ## - TITLE STATEMENT
Title Microsoft excel and access for beginners/
Statement of responsibility, etc By R. Varalakshmi and K. Arunachalam
260 ## - PUBLICATION, DISTRIBUTION, ETC. (IMPRINT)
Date of publication, distribution, etc 2015
Name of publisher, distributor, etc sakthi publishers
Place of publication, distribution, etc chennai
270 ## - ADDRESS
Address 12, anna street, chitlapakkam
City chennai
Postal code 600064
Telephone number 919444007503
Electronic mail address sakthilassicsyahoo.in
300 ## - PHYSICAL DESCRIPTION
Extent 254p.
Dimensions 29cm(hbk)
700 ## - ADDED ENTRY--PERSONAL NAME
Personal name Arunachalam, K.
Relator term author
9 (RLIN) 57182
942 ## - ADDED ENTRY ELEMENTS (KOHA)
Source of classification or shelving scheme Dewey Decimal Classification
Item type English Books
Call number suffix VAR
Classification part 004.5
Holdings
Withdrawn status Lost status Not for loan Collection code Home library Current library Date acquired Source of acquisition Cost, normal purchase price Full call number Barcode Copy number Cost, replacement price Koha item type
      Non-fiction D.B.Act.Division Mobile Library 28/10/2022 DBAD/PUB 200.00 004.5 VAR EN-119110 1 200.00 English Books

© Delhi Public Library
Hit Counter
free hit counter